000 00754nam a2200241 i 4500
003 DO-SdBNP
005 20240419094537.0
007 ta
008 240418s2000 xxu 001 0dspa d
020 _a9945400223
040 _aDO-SdBNP
_bspa
_cBNPHU
_erda
082 4 _bR579q
_222
100 _aRincon, Andrea Griselda
_eautor
_962270
245 1 4 _aQuimica 3 :
_bteoria y práctica, segundo ciclo educacion media /
_cAndrea Griselda Rincon
264 _aSanto Domingo :
_bActualidad Escolar 2000,
_c2000
300 _a197 páginas :
_bilustraciones ;
_c29 cm.
336 _2rdacontent
_atexto
_btxt
337 _2rdamedia
_asin mediación
_bn
338 _2rdacarrier
_avolumen
_bnc
590 _aInventariado, 2024/ DG
910 _aDG
942 _2ddc
_cLBS1
999 _c56457
_d56457